[Event "Cairo Egyptian op"]
[Site "Cairo"]
[Date "2016.04.23"]
[Round "2"]
[White "Abd El Fatah, Reda Fadel"]
[Black "Yehya, Sameh"]
[Result "1/2-1/2"]
[WhiteElo "2130"]
[BlackElo "1899"]
[PlyCount "39"]
[EventDate "2016.04.22"]
[EventType "swiss"]
[EventRounds "9"]
[EventCountry "EGY"]
[SourceTitle "CBM 172 Extra"]
[Source "ChessBase"]
[SourceDate "2016.06.21"]
[SourceVersion "1"]
[SourceVersionDate "2016.06.21"]
[SourceQuality "1"]

1. d4 Nf6 2. c4 g6 3. Nc3 Bg7 4. e4 d6 5. Be2 0-0 6. Nf3 Na6 7. 0-0 e5 8. d5 Nc5 9. Qc2 a5 10. Be3 Bg4 11. h3 Bd7 12. Bd3 Nh5 13. Rad1 Nf4 14. Bxf4 exf4 15. Nb5 f5 16. exf5 Bxf5 17. Qb1 Rf7 18. Rfe1 Qd7 19. Nbd4 Re8 20. Nxf5 1/2-1/2